01159nam a2200253 i 45000010005000000030009000050050017000140080041000310170050000720200018001220240023001400800026001631000039001892450085002282600122003133000028004354900110004635040038005736510038006117100060006497100058007098300109007678520029008769057ES-MaACL20250801063011.0930202s1990 sp ||||1| spa d aM 43772-1990bOficina Depósito Legal Madrid a84-7232-569-57 a028-90-020-82nipo a27(460:64)"1907/1909"1 aAllendesalazar, José Manueleaut13aLa diplomacia española y Marruecos, 1907-1909 / cJosé Manuel Allendesalazar aMadrid : bAgencia Española de Cooperación Internacional, Instituto de Cooperación con el Mundo Árabe, c1990 a274 páginas ; c25 cm1 aBiblioteca diplomática española. pEstudios (Agencia Española de Cooperación Internacional) ;v7 aBibliografía: páginas 261-264 4aEspaña-xRelaciones-zMarruecos2 aAgencia Española de Cooperación Internacional.eedt2 aInstituto de Cooperación con el Mundo Árabe.eedt 0aBiblioteca diplomática española. pEstudios (Agencia Española de Cooperación Internacional) ;v7 aES-MaACLcDEPO2jL-16463